000 00608nam a2200193 a 4500
005 20220909063549.0
008 991125s1991 mx 000 0 spa u
035 _aUPN01000057329
049 _aF
050 4 _aHF1733 M6
_bS48
100 1 _aSerra Puche, Jaime
245 1 3 _aEl tratado de libre comercio :
_bMéxico, Canadá, Estados Unidos /
_cJaime Serra Puche
260 _aMéxico :
_bSECOFI,
_c1991
300 _a20 p.
630 0 4 _aTratado de libre comercio entre México, Estados Unidos y Canadá
_d(1994)
_92531
651 4 _aMEXICO-
_xTRATADOS COMERCIALES
904 _aAC
_b057332
905 _aLibro
999 _c57329
_d57329